Statistiques concernant Opening d'anime

Cliquez ici pour prendre le quiz!

Statistiques générales

  • Ce quiz a été pris 136 fois
  • Le résultat moyen est 9 sur 15

Statistiques - réponses

HintRéponse% Correct
we are !one piece
95%
blue birdnaruto shippuden
91%
snow fairyfairy tail
85%
departure!hunter x hunter
77%
specialzjujutsu kaisen
69%
kick backchainsaw man
68%
odd futuremy hero academia
63%
red swansnk
54%
this gameno game no life
51%
imaginationhaikyuu
40%
colorscode geass
38%
mixed nutsspy x family
37%
haruka miraiblack clover
34%
melissafullmetal alchemist
30%
flyers
death parade
20%

Distribution des résultats

Percentile par nombre de réponses

% des personnes avec chaque résultat

Votre développement - résultats

Vous n’avez pas pris ce quiz